Statistics for Top 50 best players according to Madden NFL 24

Click here to take the quiz!

General Stats

  • This quiz has been taken 111 times
  • The average score is 14 of 50

Answer Stats

RatingPositionsPlayer Name% Correct
99TETravis Kelce
100%
99WRJustin Jefferson
94%
99QBPatrick Mahomes
91%
99DLAaron Donald
81%
99WRTyreek Hill
81%
98QBLamar Jackson
59%
96RBNick Chubb
53%
97TEGeorge Kittle
52%
97DENick Bosa
49%
97OLBTJ Watt
49%
98TTrent Williams
49%
98DEMyles Garrett
47%
94WRDavante Adams
41%
97DTChris Jones
40%
94RBDerrick Henry
39%
97CBJalen Ramsey
39%
93QBJoe Burrow
39%
98OLBMicah Parsons
35%
93WRJa'Marr Chase
33%
92RBSaquon Barkley
33%
95WRAmon-Ra St.Brown
31%
96MLBFred Warner
31%
95WRAJ Brown
29%
96WRCeeDee Lamb
29%
96CBSauce Gardner
29%
94TEMark Andrews
27%
92WRStefon Diggs
27%
95CBPatrick Surtain
20%
98GZack Martin
15%
92CFrank Ragnow
11%
95MLBRoquan Smith
11%
99RBChristian McCafferey
9%
92CJason Kelce
9%
97DEMaxx Crosby
8%
92LBDemario Davis
7%
94TPenei Sewell
7%
93CBJaire Alexander
6%
96TLane Johnson
6%
95TTyron Smith
6%
92DEDeMarcus Lawrence
5%
95DTDexter Lawrence
5%
93SMinkah Fitzpatrick
5%
97SJessie Bates
4%
92GJoe Thuney
2%
94TLaremy Tunsil
1%
94DTQuinnen Williams
1%
94TTristan Wirfs
1%
92SAntoine Winfield Jr
0%
92GChris Lindstrom
0%
93TTerron Armstead
0%

Score Distribution

Percentile by Number Answered

Percent of People with Each Score

Your Score History

You have not taken this quiz